000 00531nam a2200157 i 4500
001 46150
003 ES-MaACL
007 t|
008 030328s1891 fr ||||1| fre d
100 1 _aCollot, Louis.
_939755
245 1 0 _aSur les tufs volcaniques de Beaulieu (Bouches du Rhône) /
_cpar M. Collot.
260 _a[Lille :
_bs.n.,
_c1891]
300 _ap. 905-911.
500 _aExtrait du Bulletin de la Société géologique de France, 3e série, t. XVIII, p. 905, séance du 18 septembre 1890.
852 _aES-MaACL
_jT-962-F-6
999 _c46150
_d46150